Postavenie krajín Strednej Ázie vo svetovom hospodárstve bakalárska práca

Salvato in:
Dettagli Bibliografici
Autore principale: Tóth, Dávid
Ente Autore: Obchodná fakulta EU. Katedra medzinárodného obchodu
Altri autori: Barinková, Natália
Natura: Libro
Lingua:slovacco
Pubblicazione: Bratislava 2021
Tags: Aggiungi Tag
Nessun Tag, puoi essere il primo ad aggiungerne!!

MARC

LEADER 00000nbm a2200000 4500
001 0278242
005 20220209125032.8
041 0 |a slo 
044 |a SK 
245 1 0 |a Postavenie krajín Strednej Ázie vo svetovom hospodárstve  |b bakalárska práca  |c Dávid Tóth ; školiteľ: Natália Barinková 
264 1 |a Bratislava  |c 2021 
300 |a 59 s. 
100 1 |a Tóth, Dávid 
700 1 |a Barinková, Natália 
710 2 |a Obchodná fakulta EU. Katedra medzinárodného obchodu